[Event "Asian-ch Amateur"]
[Site "Isfahan"]
[Date "2016.11.12"]
[Round "1.8"]
[White "Tavakolian, M."]
[Black "Baseri, Mansour"]
[Result "1-0"]
[WhiteElo "2078"]
[BlackElo "1563"]
[PlyCount "61"]
[EventDate "2016.11.12"]
[EventType "swiss"]
[EventRounds "9"]
[EventCountry "IRI"]
[SourceTitle "EXT 2024"]
[Source "ChessBase"]
[SourceDate "2023.10.10"]
[SourceVersion "1"]
[SourceVersionDate "2023.10.10"]
[SourceQuality "1"]

1. c4 Nf6 2. Nc3 d5 3. cxd5 Nxd5 4. g3 g6 5. Bg2 Nxc3 6. bxc3 Bg7 7. Rb1 c6 8. Nf3 0-0 9. 0-0 Nd7 10. a4 Qa5 11. Ba3 Nb6 12. Nd4 Bf6 13. Bb4 Qh5 14. a5 Nd5 15. a6 Nxb4 16. axb7 Bxb7 17. Rxb4 c5 18. Rxb7 cxd4 19. c4 Rac8 20. d3 a5 21. Bf3 Qe5 22. Qa4 Rc5 23. Rfb1 Rfc8 24. R7b5 Kg7 25. Qxa5 h5 26. Rxc5 Rxc5 27. Qd8 Qc7 28. Qa8 Qa5 29. Qe4 h4 30. Kg2 Qa6 31. Rb8 1-0

[Event "IRI-ch"]
[Site "Mashhad"]
[Date "2015.01.26"]
[Round "10"]
[White "Mojaverian, Hossein"]
[Black "Tavakolian, M."]
[Result "1/2-1/2"]
[WhiteElo "2148"]
[BlackElo "2137"]
[PlyCount "95"]
[EventDate "2015.01.20"]
[EventType "swiss"]
[EventRounds "11"]
[EventCountry "IRI"]
[SourceTitle "CBM 164 Extra"]
[Source "ChessBase"]
[SourceDate "2015.03.02"]
[SourceVersion "1"]
[SourceVersionDate "2015.03.02"]
[SourceQuality "1"]

1. e4 c5 2. Nf3 Nc6 3. c3 d5 4. exd5 Qxd5 5. d4 Bg4 6. Be2 e6 7. Be3 cxd4 8. cxd4 Nf6 9. Nc3 Bb4 10. h3 Bh5 11. 0-0 Qd6 12. Qb3 0-0 13. Rfd1 a6 14. d5 Na5 15. Qc2 exd5 16. a3 Bxc3 17. Qxc3 Qd8 18. Qb4 Re8 19. Rac1 Re4 20. Qc3 Nc6 21. g4 Bg6 22. Qb3 Qd7 23. Nh4 Rae8 24. Nxg6 hxg6 25. Bf3 R4e5 26. Bf4 R5e7 27. g5 Qxh3 28. Bxd5 Qg4+ 29. Qg3 Qxg3+ 30. Bxg3 Nxd5 31. Rxd5 Re1+ 32. Rxe1 Rxe1+ 33. Kg2 Rb1 34. b4 Rb3 35. Rd7 Rxa3 36. Rxb7 Nd4 37. Rb8+ Kh7 38. Rf8 Rb3 39. Bd6 Nf5 40. Bc5 Nh4+ 41. Kf1 Nf3 42. Rxf7 Nxg5 43. Ra7 Ra3 44. b5 Ra5 45. Bd4 Rxb5 46. Bxg7 Ne6 47. Bc3+ Kh6 48. Rxa6 1/2-1/2

[Event "IRI-ch"]
[Site "Mashhad"]
[Date "2015.01.23"]
[Round "6"]
[White "Tavakolian, M."]
[Black "Vojdani, Siavosh"]
[Result "0-1"]
[WhiteElo "2137"]
[BlackElo "2018"]
[PlyCount "112"]
[EventDate "2015.01.20"]
[EventType "swiss"]
[EventRounds "11"]
[EventCountry "IRI"]
[SourceTitle "CBM 164 Extra"]
[Source "ChessBase"]
[SourceDate "2015.03.02"]
[SourceVersion "1"]
[SourceVersionDate "2015.03.02"]
[SourceQuality "1"]

1. c4 e6 2. Nc3 Be7 3. e4 d6 4. d4 Nf6 5. f3 b6 6. Be3 c5 7. Nge2 cxd4 8. Nxd4 Bb7 9. Qd2 Nc6 10. 0-0-0 Rc8 11. Kb1 a6 12. Rg1 Nd7 13. g4 Nde5 14. Be2 Nxd4 15. Qxd4 Qc7 16. g5 Qc5 17. b3 Bc6 18. Qd2 Qa5 19. Bd4 0-0 20. h4 f5 21. gxf6 Bxf6 22. h5 Kh8 23. Kb2 b5 24. f4 b4 25. Nb1 Nd7 26. Bxf6 Nxf6 27. h6 g6 28. Rg5 Qc7 29. e5 Ne4 30. Qd4 d5 31. Rg2 Rxf4 32. cxd5 Bxd5 33. Bxa6 Rcf8 34. Rc2 Nc3 35. Rxc3 bxc3+ 36. Qxc3 Rf2+ 37. Nd2 Qxc3+ 38. Kxc3 g5 39. a4 g4 40. Bd3 g3 41. b4 g2 42. Rg1 Rc8+ 43. Nc4 Bxc4 44. Bxc4 Rf4 45. Rxg2 Rcxc4+ 46. Kd3 Rxb4 47. a5 Ra4 48. Rb2 Rfd4+ 49. Ke3 Rd8 50. Rb6 Rxa5 51. Rxe6 Ra4 52. Re7 Rb8 53. e6 Rb3+ 54. Kd2 Ra2+ 55. Kc1 Rg3 56. Kb1 Re2 0-1

[Event "IRI-ch"]
[Site "Mashhad"]
[Date "2015.01.21"]
[Round "3"]
[White "Tavakolian, M."]
[Black "Maghsoodloo, Parham"]
[Result "0-1"]
[WhiteElo "2137"]
[BlackElo "2421"]
[PlyCount "98"]
[EventDate "2015.01.20"]
[EventType "swiss"]
[EventRounds "11"]
[EventCountry "IRI"]
[SourceTitle "CBM 164 Extra"]
[Source "ChessBase"]
[SourceDate "2015.03.02"]
[SourceVersion "1"]
[SourceVersionDate "2015.03.02"]
[SourceQuality "1"]

1. c4 f5 2. Nf3 Nf6 3. Nc3 e6 4. d4 d5 5. Bg5 c6 6. Qc2 Be7 7. e3 0-0 8. Bd3 Ne4 9. Bxe7 Qxe7 10. 0-0 Nd7 11. Nd2 Nxd2 12. Qxd2 Nf6 13. Qc2 g6 14. a3 Kg7 15. Rfd1 Bd7 16. b4 Rac8 17. Qb3 Rfd8 18. a4 dxc4 19. Bxc4 e5 20. Rd2 Be8 21. Rad1 exd4 22. Rxd4 Rxd4 23. Rxd4 Rd8 24. Ne2 Rxd4 25. Nxd4 Bf7 26. h3 Ne4 27. Qb2 Kg8 28. Bd3 Nf6 29. Nc2 Qd6 30. Qc3 f4 31. e4 Nd7 32. Bc4 Ne5 33. Bxf7+ Kxf7 34. Qd4 Qxd4 35. Nxd4 Nd3 36. Nc2 Ke6 37. f3 Ke5 38. Kf1 c5 39. b5 Nb2 40. a5 Nc4 41. a6 b6 42. Ke2 Nd6 43. Na3 Kd4 44. Kd2 Nc4+ 45. Nxc4 Kxc4 46. Kc2 Kxb5 47. Kc3 Kxa6 48. Kc4 Kb7 49. Kd5 Kc7 0-1